Online
Catalog

The american police state : (Record no. 13658)

MARC details
000 -CABECERA
campo de control de longitud fija 00647cam a2200193 a 4500
001 - NÚMERO DE CONTROL
campo de control 000014056
005 - FECHA Y HORA DE LA ÚLTIMA TRANSACCIÓN
campo de control 20200929163444.0
008 - DATOS DE LONGITUD FIJA--INFORMACIÓN GENERAL
campo de control de longitud fija 760817s1976 nyu b 001 0 eng
020 ## - NÚMERO INTERNACIONAL ESTÁNDAR DEL LIBRO
Número Internacional Estándar del Libro 0394496779
040 ## - FUENTE DE LA CATALOGACIÓN
Centro catalogador/agencia de origen DO-SdBNP
Lengua de catalogación eng
Centro/agencia transcriptor BNPHU
082 ## - NÚMERO DE LA CLASIFICACIÓN DECIMAL DEWEY
Número de clasificación 323.40973
Número de documento/Ítem W812a
100 1# - ENTRADA PRINCIPAL--NOMBRE DE PERSONA
Nombre de persona Wise, David,
Fechas asociadas al nombre 1930-
9 (RLIN) 31845
245 14 - MENCIÓN DE TÍTULO
Título The american police state :
Resto del título the government against the people /
Mención de responsabilidad, etc. David Wise.
260 ## - PUBLICACIÓN, DISTRIBUCIÓN, ETC.
Lugar de publicación, distribución, etc. New York :
Nombre del editor, distribuidor, etc. Random House,
Fecha de publicación, distribución, etc. 1976.
300 ## - DESCRIPCIÓN FÍSICA
Extensión 437 p. ;
Dimensiones 25 cm.
504 ## - NOTA DE BIBLIOGRAFÍA, ETC.
Nota de bibliografía, etc. Bibliografía: p. [413]-417.
650 #4 - PUNTO DE ACCESO ADICIONAL DE MATERIA--TÉRMINO DE MATERIA
Término de materia o nombre geográfico como elemento de entrada Derechos civiles
Subdivisión geográfica Estados Unidos
9 (RLIN) 31846
651 #4 - PUNTO DE ACCESO ADICIONAL DE MATERIA--NOMBRE GEOGRÁFICO
Nombre geográfico Estados Unidos
Subdivisión general Política Y Gobierno
Subdivisión cronológica 1933-1945.
9 (RLIN) 4546
Holdings
Estado de retiro Estado de pérdida Restricciones de uso No para préstamo Código de colección Localización permanente Ubicación/localización actual Ubicación en estantería Fecha de adquisición Número de inventario Total de préstamos Signatura topográfica completa Código de barras Fecha visto por última vez Precio válido a partir de Tipo de ítem Koha Número de copia
      Excluido de préstamo Monografías: Libros y Folletos General General Depósito 02.12.2009 LF1   323.40973 W812a 14056-10 25.06.2020 25.06.2020 No se presta  
  Extraviado   Excluido de préstamo Monografías: Libros y Folletos General General Extraviado 20.04.2017 LF1   323.40973 W812a 14056-20 25.06.2020 25.06.2020 No se presta e. 2

Powered by Koha